| 000 | 02929cam a22005894i 4500 | ||
|---|---|---|---|
| 003 | PE-LiUPU | ||
| 005 | 20250731180154.0 | ||
| 008 | 150706s2007 sp a r 000 0 spa d | ||
| 020 | _a8497324587 | ||
| 020 | _a9788497324588 | ||
| 035 | _a(Sirsi) i9788497324588 | ||
| 040 |
_aPE-LiUPU _bspa _cPE-LiUPU _erda _dPE-LiUPU |
||
| 049 | _aPRUA | ||
| 082 | 0 | 4 |
_a547 _bG25 _221 |
| 100 | 1 |
_aGarcía Calvo-Flores, Francisco, _eautor. |
|
| 245 | 1 | 0 |
_aProblemas resueltos de química orgánica / _cFrancisco García Calvo-Flores y José A. Dobado Jiménez. |
| 264 | 1 |
_aMadrid : _bParaninfo, _c2007. |
|
| 300 |
_a407 páginas : _bilustraciones ; _c27 centímetros. |
||
| 336 |
_atext _2rdacontent |
||
| 337 |
_aunmediated _2rdamedia |
||
| 338 |
_avolume _2rdacarrier |
||
| 490 | 0 | _aPaso a paso | |
| 505 | 0 | _aEstructura molecular y enlace químico en compuestos orgánicos -- Formulación de los compuestos orgánicos -- Isomería y representación de las moléculas orgánicas -- Mecanismos reacciones de alcanos de reacciones orgánicas -- Reacciones de alcanos -- Reacciones de alquenos -- Reacciones de dienos conjugados -- Reacciones de alquinos -- Reacciones de derivados halogenados -- Reacciones de alcoholes, éteres y epóxidos -- Reacciones de compuestos aromáticos -- Reacciones de aldehídos y cetonas -- Reacciones de ácidos carboxílicos y derivados -- Reacciones de enoles y enolatos -- Reacciones de aminas alifáticas -Elucidación estructural de compuestos orgánicos mediante métodos espectroscópicos -- Ejercicios combinados de síntesis orgánica. | |
| 526 | _aSEG44 | ||
| 526 | _aSEG26 | ||
| 526 | _aP159 | ||
| 526 | _aP155 | ||
| 526 | _aP154 | ||
| 526 | _aP153 | ||
| 526 | _aP150 | ||
| 526 | _aP100 | ||
| 526 | _aP31 | ||
| 526 | _aP30 | ||
| 526 | _aP26 | ||
| 526 | _aP25 | ||
| 526 | _aP24 | ||
| 526 | _aP22 | ||
| 526 | _aP15 | ||
| 526 | _aP10 | ||
| 541 | _g015-0016195; | ||
| 541 | _g002-00000050; | ||
| 650 | 0 | 4 |
_aQuímica orgánica _vProblemas, ejercicios, etc. |
| 700 | 1 |
_aDobado Jiménez. José A., _eautor. |
|
| 910 |
_agl _cng _d20131121 |
||
| 910 |
_admb _bkslcksl _d20180522 |
||
| 942 |
_2ddc _cBOOK |
||
| 949 |
_a547 G25 _wDEWEY _c1 _i69233 _lCCODEBUL1 _mBUL _p50.00 _r0 _sY _tBOOK _u2015-7-6 _xINGENIERIA _PP24 _o.STAFF.Colección Ingeniería y Arquitectura |
||
| 994 |
_aC0 _bPEPRU |
||
| 596 | _a1 | ||
| 999 |
_a547 G25 _wDEWEY _c56230 _i69233 _d56230 _e2019-9-29 _f2021-11-5 _g8 _lCCODEBUL1 _mBUL _n13 _p50.00 _q1 _r0 _sN _tBOOK _u2015-7-6 _xBIBLIOTECA _PP24 _0COMPRA _o.STAFF. Colección Ingenieria y Arquitectura |
||
| 999 |
_a547 G25 _wDEWEY _c2 _i78496 _d2019-9-24 _e2019-9-24 _f2021-11-9 _g5 _lCCODEBUL1 _mBUL _n4 _p44.48 _q5 _r0 _sY _tBOOK _u2018-5-22 _xINGENIERIA _PP24 _0COMPRA _1FCOMPRA _o.STAFF. Colección Ingeniería y Arquitectura |
||
| 980 |
_81 _gALBERTO SANCHEZ Responsable de Automatización |
||